000 00505nam a2200193Ia 4500
005 20250508150623.0
008 008 250505s9999 xx 000 0 eng d
037 _aTextual
040 _aFEDL
_beng
_cFEDL
041 _aeng
_2eng
084 _a150, SAR
_qFEDL
100 _aSargent W E
245 0 _aTeach yourself psychology
260 _aLondon, UK
_bHodder and Stoughton
_c1944
300 _a159p.
650 _aPsychology
942 _cTEXL
_h150, SAR
999 _c1324619
_d1324619